[Event "American Continental"]
[Site "Buenos Aires ARG"]
[Date "2005.08.14"]
[Round "9"]
[White "Bitelmajer,M"]
[Black "Gulko,B"]
[Result "1/2-1/2"]
[WhiteElo "2243"]
[BlackElo "2589"]
[EventDate "2005.08.06"]

1. d4 e6 2. c4 Bb4+ 3. Bd2 a5 4. g3 d6 5. Nf3 Nc6 6. Bg2 e5 7. d5 Nce7 8.
O-O Nf6 9. Bxb4 axb4 10. Nbd2 O-O 11. e4 c5 12. a3 bxa3 13. Rxa3 Rxa3 14.
bxa3 Ne8 15. Qb3 f5 16. Rb1 fxe4 17. Nxe4 Nf5 18. Nfg5 Nd4 19. Qd3 Bf5 20.
Ne6 Nxe6 21. dxe6 Qe7 22. Rb6 1/2-1/2

[Event "American Continental"]
[Site "Buenos Aires ARG"]
[Date "2005.08.14"]
[Round "9"]
[White "Hernandez,Gi"]
[Black "Rojas,L"]
[Result "1-0"]
[WhiteElo "2518"]
[BlackElo "2437"]
[EventDate "2005.08.06"]

1. e4 e6 2. d4 d5 3. e5 c5 4. c3 Nc6 5. Nf3 Bd7 6. Be2 Nge7 7. Na3 cxd4 8.
cxd4 Ng6 9. O-O Be7 10. Nc2 O-O 11. Bd3 Be8 12. Qe2 Qd7 13. Re1 h6 14. Bd2
f6 15. exf6 Rxf6 16. b4 Bd6 17. b5 Nd8 18. g3 Rf8 19. Bb4 Bxb4 20. Nxb4 Ne7
21. Ne5 Qd6 22. Nc2 Nf5 23. Qg4 Rc8 24. Ne3 Ne7 25. Ng2 Qb4 26. Rab1 Qd2
27. Nf4 Rf6 28. Re2 Qc3 29. Rd1 Qa3 30. Kg2 Qa4 31. Rdd2 Qb4 32. Rd1 Qd6
33. Rde1 Rc7 34. Nf3 Bf7 35. h4 Kh8 36. Ng5 hxg5 37. hxg5 Rxf4 38. gxf4 Kg8
39. g6 Be8 40. f5 exf5 41. Qh4 Qxg6+ 42. Kf1 Bxb5 43. Bxb5 1-0

[Event "American Continental"]
[Site "Buenos Aires ARG"]
[Date "2005.08.14"]
[Round "9"]
[White "Zugic,I"]
[Black "Labollita,M"]
[Result "0-1"]
[WhiteElo "2474"]
[BlackElo "2383"]
[EventDate "2005.08.06"]

1. d4 d5 2. c4 c6 3. Nf3 Nf6 4. Nc3 dxc4 5. a4 Bf5 6. e3 e6 7. Bxc4 Bb4 8.
O-O O-O 9. Nh4 Nbd7 10. Nxf5 exf5 11. Qc2 g6 12. f3 Rc8 13. Rd1 Qa5 14. Na2
Bd6 15. b4 Qc7 16. g3 Nb6 17. Bd3 Rfe8 18. e4 fxe4 19. fxe4 Bf8 20. a5 Na8
21. Bb2 Bg7 22. Re1 Qd7 23. Rad1 Nc7 24. Bf1 h5 25. Bg2 Rcd8 26. Nc1 h4 27.
gxh4 Qg4 28. e5 Qxh4 29. Nd3 Nfd5 30. Re4 Qe7 31. h4 Ne6 32. Qe2 f6 33.
exf6 Nxf6 34. Re5 Nd7 35. Re4 Nf6 36. Re5 Nh5 37. d5 Nef4 38. Qg4 Bxe5 39.
Bxe5 Nxd3 40. Qxg6+ Ng7 41. Bf6 Qe3+ 42. Kh2 Qf4+ 43. Kg1 Rd7 44. Bxg7 Qf2+
45. Kh2 Qxh4+ 46. Kg1 Re1+ 47. Rxe1 Qxe1+ 48. Kh2 Qh4+ 49. Kg1 Qf2+ 50. Kh2
Rxg7 0-1

[Event "American Continental"]
[Site "Buenos Aires ARG"]
[Date "2005.08.14"]
[Round "9"]
[White "Lafuente,P"]
[Black "Arencibia,W"]
[Result "0-1"]
[WhiteElo "2435"]
[BlackElo "2527"]
[EventDate "2005.08.06"]

1. d4 d5 2. c4 e6 3. Nf3 c6 4. Qc2 Nf6 5. e3 a6 6. Nc3 c5 7. cxd5 exd5 8.
Be2 Nc6 9. O-O Be6 10. dxc5 Bxc5 11. Rd1 Qe7 12. a3 O-O 13. b4 Bd6 14. Bb2
Rac8 15. Rac1 Rfd8 16. Qb1 Bb8 17. Na4 Ne4 18. g3 Ba7 19. Qa1 Bg4 20. Nc5
Bxc5 21. bxc5 Ng5 22. Nxg5 Bxe2 23. Rd2 Bg4 24. Bxg7 Qxg5 25. Bf6 Qf5 26.
f3 Qxf3 27. Rf2 Qxe3 28. Re1 Qh6 29. Rf4 Qg6 30. Bxd8 Rxd8 31. Ref1 f5 32.
Qb2 Qg7 33. Qg2 Nd4 34. Re1 Kh8 35. Kh1 Bh5 36. Qf2 Nc6 37. Qg2 Bg6 38. Re6
d4 39. Rd6 Re8 40. h4 Re1+ 41. Kh2 Qe7 42. Kh3 Re4 43. Qd2 Bh5 44. Rf2 Bg4+
45. Kg2 Re3 0-1

[Event "American Continental"]
[Site "Buenos Aires ARG"]
[Date "2005.08.14"]
[Round "9"]
[White "Vasquez,R"]
[Black "Scarella,E"]
[Result "1-0"]
[WhiteElo "2558"]
[BlackElo "2367"]
[EventDate "2005.08.06"]

1. Nf3 d5 2. d4 Nf6 3. c4 e6 4. e3 Be7 5. Nbd2 O-O 6. b3 c5 7. Bb2 Nc6 8.
Bd3 cxd4 9. exd4 b6 10. O-O Bb7 11. Rc1 Rc8 12. Qe2 Re8 13. Rfd1 Bf8 14. h3
Qe7 15. a3 g6 16. c5 bxc5 17. dxc5 e5 18. Bb5 Bh6 19. Bxc6 Rxc6 20. Qxe5
Re6 21. Qd4 Bg7 22. Qb4 d4 23. Nxd4 Nd5 24. Qc4 Ne3 25. fxe3 Qg5 26. e4
Qe3+ 27. Kh1 Rxe4 28. c6 Bxd4 29. Nxe4 Bxb2 30. cxb7 1-0

[Event "American Continental"]
[Site "Buenos Aires ARG"]
[Date "2005.08.14"]
[Round "9"]
[White "Moreda,L"]
[Black "Ricardi,P"]
[Result "0-1"]
[WhiteElo "2329"]
[BlackElo "2551"]
[EventDate "2005.08.06"]

1. e4 c5 2. c3 d5 3. exd5 Qxd5 4. d4 Nf6 5. Nf3 cxd4 6. cxd4 g6 7. Nc3 Qd8
8. Bc4 Bg7 9. O-O O-O 10. h3 a6 11. Ne5 b5 12. Bb3 Bb7 13. Be3 Nc6 14. a3
Na5 15. Ba2 Nd5 16. Qe2 Rc8 17. Bd2 Bxe5 18. dxe5 Nc4 19. Bxc4 Rxc4 20.
Rad1 Qd7 21. f3 Qe6 22. Nxd5 Bxd5 23. Ba5 Qc6 24. Qe3 Be6 25. Bb4 Qc7 26.
Rfe1 a5 27. Bd2 Ra8 28. Qh6 Rd4 29. Rc1 Qd8 30. Be3 Rd3 31. Bg5 Ra7 32. Kh2
Rad7 33. Rc5 R7d5 34. Rc6 Qf8 35. Qh4 R3d4 36. Re4 Rxe4 37. fxe4 Rd7 38.
Rb6 Bc4 39. Qf2 h5 40. Qc5 Kh7 41. b3 Be6 42. Qxb5 Qc8 43. Qxa5 Qc2 44. Qb4
Bxh3 45. Kxh3 Rd3+ 46. Kh2 Qf2 47. Bd2 Rg3 0-1

[Event "American Continental"]
[Site "Buenos Aires ARG"]
[Date "2005.08.14"]
[Round "9"]
[White "Bronstein,L"]
[Black "Valerga,D"]
[Result "1/2-1/2"]
[WhiteElo "2342"]
[BlackElo "2499"]
[EventDate "2005.08.06"]

1. Nf3 Nf6 2. g3 g6 3. b3 Bg7 4. Bb2 O-O 5. Bg2 d6 6. d4 a5 7. O-O a4 8. c4
c6 9. bxa4 Qa5 10. Nc3 Nbd7 11. Nd2 Nb6 12. Nb3 Qb4 13. a5 Nxc4 14. a3 Nxb2
15. axb4 Nxd1 16. Raxd1 Bf5 17. Rc1 Be6 18. Rb1 Nd7 19. e3 Bc4 20. Rfc1 d5
21. f4 b6 22. axb6 Nxb6 23. Na5 Bd3 24. Nxc6 Bxb1 25. Nxe7+ Kh8 26. Rxb1
Nc4 27. Nexd5 Nxe3 28. Nxe3 Ra3 29. Ncd1 Bxd4 30. b5 Bxe3+ 31. Nxe3 Rxe3
32. b6 Rb8 33. b7 Re7 34. Kf2 Kg7 1/2-1/2

[Event "American Continental"]
[Site "Buenos Aires ARG"]
[Date "2005.08.14"]
[Round "9"]
[White "Mieles Palau,D"]
[Black "De Dovitiis,A"]
[Result "0-1"]
[WhiteElo "2476"]
[BlackElo "2345"]
[EventDate "2005.08.06"]

1. e4 e6 2. d4 d5 3. Nd2 Nf6 4. e5 Nfd7 5. Bd3 c5 6. c3 Nc6 7. Ne2 cxd4 8.
cxd4 f6 9. exf6 Qxf6 10. Nf3 Bd6 11. Bg5 Qf7 12. Bh4 h6 13. Qb1 Nf8 14. a3
Bd7 15. b4 Ne7 16. Bxe7 Qxe7 17. O-O O-O-O 18. Ne5 Be8 19. b5 Nd7 20. f4
Nxe5 21. fxe5 Bc7 22. a4 Ba5 23. Bg6 Kb8 24. Bxe8 Qxe8 25. Qd3 Rc8 26. Rac1
Qe7 27. Nf4 Rhf8 28. Rxc8+ Rxc8 29. Qg6 Bb6 30. Nxe6 Re8 31. Nxg7 Bxd4+ 32.
Kh1 Rf8 33. Rxf8+ Qxf8 34. Nf5 Bxe5 35. Qe6 Qf6 36. Qe8+ Kc7 37. Ne3 Qg5
38. Qf7+ Kb6 39. Nxd5+ Kc5 40. Qe7+ Kxd5 41. Qxb7+ Kc4 42. Qxa7 Bd4 43.
Qc7+ Kb4 44. Qd6+ Bc5 45. Qd1 Qe3 46. Qa1 Ka5 47. Qd1 h5 48. h3 h4 49. b6
Bxb6 50. Kh2 Qf4+ 51. Kh1 Bd4 52. Qe1+ Kxa4 0-1

[Event "American Continental"]
[Site "Buenos Aires ARG"]
[Date "2005.08.14"]
[Round "9"]
[White "Milman,L"]
[Black "Contreras,H"]
[Result "1-0"]
[WhiteElo "2459"]
[BlackElo "2328"]
[EventDate "2005.08.06"]

1. e4 c5 2. Nf3 d6 3. d4 cxd4 4. Nxd4 Nf6 5. Nc3 a6 6. Be2 e6 7. O-O Be7 8.
f4 Nbd7 9. Bf3 Qc7 10. Kh1 O-O 11. g4 Rd8 12. g5 Ne8 13. Bg4 Nb6 14. a4 d5
15. e5 g6 16. Nce2 Nd7 17. h4 Nf8 18. Qd3 b6 19. Bd2 Ng7 20. Kg2 Bb7 21. b3
Rac8 22. h5 Nf5 23. Bxf5 exf5 24. Kf2 Bc5 25. Be3 Ne6 26. Nxe6 fxe6 27. Bd4
a5 28. Rh1 Bf8 29. hxg6 hxg6 30. Qh3 Qg7 31. Bxb6 d4 32. Bxd8 Rxd8 33. Rh2
Bc5 34. Qd3 Be4 35. Qc4 Rd5 36. Kg3 d3 37. Nc3 1-0

[Event "American Continental"]
[Site "Buenos Aires ARG"]
[Date "2005.08.14"]
[Round "9"]
[White "Garcia,Gild"]
[Black "Tristan,L"]
[Result "0-1"]
[WhiteElo "2453"]
[BlackElo "2225"]
[EventDate "2005.08.06"]

1. e4 d6 2. d4 Nf6 3. Nc3 g6 4. Nf3 Bg7 5. Be2 O-O 6. O-O c5 7. d5 Na6 8.
Re1 Nc7 9. Bf4 Rb8 10. a4 b6 11. Qd2 a6 12. e5 Nfe8 13. h3 b5 14. axb5 axb5
15. Bf1 b4 16. Ne4 f5 17. exf6 Nxf6 18. Nxf6+ Bxf6 19. Bh6 Bxb2 20. Bxf8
Qxf8 21. Ra7 Bc3 22. Qe3 Bxe1 23. Rxc7 Bc3 24. Rxe7 Bf5 25. Bd3 Bf6 26. Ra7
Re8 27. Qd2 Bc3 28. Qg5 Bxd3 29. cxd3 b3 30. Qh4 Bg7 31. Rb7 b2 32. Qa4 Rb8
33. Qb5 Ra8 34. Kh2 Qf4+ 35. Kh1 Ra1+ 36. Ng1 b1=Q 0-1

[Event "American Continental"]
[Site "Buenos Aires ARG"]
[Date "2005.08.14"]
[Round "9"]
[White "Pacheco,Dan"]
[Black "Pierrot,F"]
[Result "0-1"]
[WhiteElo "2324"]
[BlackElo "2449"]
[EventDate "2005.08.06"]

1. d4 Nf6 2. c4 g6 3. Nc3 d5 4. Nf3 Bg7 5. e3 O-O 6. b4 b6 7. Qb3 dxc4 8.
Bxc4 c5 9. O-O cxb4 10. Qxb4 Nc6 11. Qa3 Na5 12. Be2 Bb7 13. Bb2 Rc8 14.
Rac1 a6 15. Na4 b5 16. Nc5 Bd5 17. Ne5 Ra8 18. f3 Bh6 19. Ra1 Nh5 20. f4
Nf6 21. Rac1 Ra7 22. Bc3 Nc6 23. Nxc6 Bxc6 24. Ba5 Qd6 25. Bb6 Raa8 26. Ba5
Rfc8 27. Qb2 Bg7 28. a3 Nd5 29. Qd2 Nxe3 30. Rf3 Bxf3 31. Bxf3 Nc4 32. Rxc4
bxc4 33. Bxa8 Qxd4+ 0-1

[Event "American Continental"]
[Site "Buenos Aires ARG"]
[Date "2005.08.14"]
[Round "9"]
[White "Liascovich,L"]
[Black "Perez Cascella,J"]
[Result "1-0"]
[WhiteElo "2432"]
[BlackElo "2209"]
[EventDate "2005.08.06"]

1. d4 Nf6 2. c4 g6 3. Nc3 Bg7 4. e4 d6 5. Be2 O-O 6. Nf3 Nbd7 7. h4 e5 8.
d5 a5 9. Nd2 h5 10. Qc2 c6 11. f3 Qc7 12. Nf1 Nc5 13. Be3 Bd7 14. Nd2 Rfc8
15. Rc1 Rab8 16. Nb3 Na6 17. Qd2 Bf8 18. O-O Be8 19. f4 exf4 20. Bxf4 Nd7
21. g4 hxg4 22. Bxg4 Rd8 23. h5 Ne5 24. Bxe5 dxe5 25. hxg6 Rd6 26. gxf7+
Bxf7 27. Bf5 Rh6 28. Rf3 Nc5 29. Rg3+ Kh8 30. Nxc5 Bxc5+ 31. Kg2 Qd6 32.
Rh1 Rxh1 33. Kxh1 Rg8 34. Qh2+ 1-0

[Event "American Continental"]
[Site "Buenos Aires ARG"]
[Date "2005.08.14"]
[Round "9"]
[White "Bachmann,Ax"]
[Black "Di Benedetto,G"]
[Result "1/2-1/2"]
[WhiteElo "2410"]
[BlackElo "2205"]
[EventDate "2005.08.06"]

1. e4 c5 2. Nc3 Nc6 3. g3 g6 4. Bg2 Bg7 5. d3 d6 6. Be3 Rb8 7. Qd2 b5 8.
Nge2 b4 9. Nd1 Nd4 10. O-O e6 11. Nc1 Ne7 12. a3 b3 13. Bxd4 Bxd4 14. Nxb3
Bg7 15. Rb1 O-O 16. Ne3 Nc6 17. f4 Qc7 18. f5 Qd8 19. Qf2 Rxb3 20. f6 Bxf6
21. Qxf6 Qxf6 22. Rxf6 Kg7 23. Rf2 Rb7 24. Nc4 1/2-1/2

[Event "American Continental"]
[Site "Buenos Aires ARG"]
[Date "2005.08.14"]
[Round "9"]
[White "Mekhitarian,K"]
[Black "Claverie,R"]
[Result "1/2-1/2"]
[WhiteElo "2218"]
[BlackElo "2388"]
[EventDate "2005.08.06"]

1. e4 e6 2. d4 d5 3. Nc3 Nf6 4. Bg5 dxe4 5. Nxe4 Be7 6. Bxf6 gxf6 7. Nf3
Qd5 8. Bd3 Nc6 9. O-O O-O 10. c4 Qh5 11. d5 Ne5 12. Be2 Rd8 13. Ng3 Qg6 14.
Qb3 Nxf3+ 15. Bxf3 e5 16. Qe3 Bf8 17. Be4 Qh6 18. Qxh6 Bxh6 19. Bf5 c6 20.
Rfd1 Bf8 21. Rac1 Bh6 22. Rc2 Be6 23. d6 Bf8 24. Bxe6 fxe6 25. c5 f5 26.
Nf1 b6 27. cxb6 axb6 28. Rxc6 Rxa2 29. Rxb6 e4 30. Ne3 Bg7 31. b3 f4 32.
Nf1 Ra5 33. Rb4 Rd5 34. Rb1 Bd4 35. Re1 Bc3 36. Rexe4 Bxb4 37. Rxb4 Rc8 38.
Rxf4 Rc1 39. Rc4 Rb1 40. g3 Rxd6 41. Kg2 Rxb3 42. Rg4+ Kh8 43. Re4 Rb2 44.
Kf3 e5 45. Rxe5 Rf6+ 46. Kg4 Rbxf2 47. Ne3 Rg6+ 48. Kh3 Rh6+ 49. Kg4 Rhxh2
50. Nf5 Kg8 51. Kg5 Re2 52. Rb5 Rb2 53. Rc5 Rb6 54. Rc8+ Kf7 55. Rc7+ Ke6
56. Re7+ Kd5 57. Nh4 Rb3 58. Kg4 h5+ 59. Kxh5 Rxg3 60. Rd7+ Ke5 61. Ra7 Rg8
62. Ra5+ Kf6 63. Ra6+ Kg7 64. Ra7+ Kh8 65. Rh7+ Kxh7 1/2-1/2

[Event "American Continental"]
[Site "Buenos Aires ARG"]
[Date "2005.08.14"]
[Round "9"]
[White "Mayorga,N"]
[Black "Real de Azua,E"]
[Result "1-0"]
[WhiteElo "2188"]
[BlackElo "2386"]
[EventDate "2005.08.06"]

1. e4 c5 2. Nf3 d6 3. d4 cxd4 4. Nxd4 Nf6 5. Nc3 Nc6 6. Bc4 Qb6 7. Ndb5 a6
8. Be3 Qa5 9. Nd4 Ne5 10. Nb3 Qc7 11. Be2 e6 12. a4 b6 13. Qd4 Rb8 14.
O-O-O Be7 15. f4 Ng6 16. Qd3 Bb7 17. Kb1 Nd7 18. g4 O-O 19. h4 e5 20. f5
Nf4 21. Qd2 Nxe2 22. Qxe2 Rfc8 23. g5 Qc4 24. Qg2 Bf8 25. f6 Bc6 26. fxg7
Kxg7 27. h5 Nc5 28. Bxc5 bxc5 29. g6 fxg6 30. hxg6 hxg6 31. Qh3 Kf7 32. Nd5
Bxd5 33. exd5 Re8 34. Qh7+ Bg7 35. Rdf1+ Qf4 36. Rxf4+ exf4 37. Rg1 1-0

[Event "American Continental"]
[Site "Buenos Aires ARG"]
[Date "2005.08.14"]
[Round "9"]
[White "Zapata,K"]
[Black "Castro,O"]
[Result "0-1"]
[WhiteElo "2156"]
[BlackElo "2385"]
[EventDate "2005.08.06"]

1. e4 e5 2. Nf3 Nc6 3. Bb5 a6 4. Bxc6 dxc6 5. O-O f6 6. d4 exd4 7. Nxd4 c5
8. Nb3 Qxd1 9. Rxd1 Be6 10. Be3 b6 11. Nc3 Bd6 12. a4 a5 13. Nd2 O-O-O 14.
Nd5 Ne7 15. Nc4 Bxd5 16. exd5 Nf5 17. Ra3 h5 18. g3 g5 19. Rad3 g4 20. Kg2
h4 21. Bd2 Nd4 22. Bc3 hxg3 23. hxg3 Nf3 24. Bxf6 Rh2+ 25. Kf1 Rf8 26.
Nxd6+ cxd6 27. Be7 Re8 28. Re3 Rh1+ 29. Ke2 Nd4+ 30. Kd2 Rxd1+ 31. Kxd1 Nf5
32. Bg5 Nxe3+ 33. Bxe3 Re4 34. b3 b5 35. axb5 a4 36. bxa4 Rxa4 37. Kd2 Rb4
38. Kd3 Rxb5 39. c3 Kd7 40. Ke4 Rb3 41. Bd2 Rb2 42. Be3 Rb1 43. f4 gxf3 44.
Kxf3 Rb3 45. Bd2 Rb2 46. Ke3 Ke7 47. g4 Kf6 48. c4 Ra2 49. Kd3 Ke5 50. g5
Ra3+ 51. Kc2 Kf5 52. Kb2 Rg3 53. Bc1 Ke4 54. Kc2 Rg1 55. Bd2 Rf1 56. Bc3
Rf3 57. Kb3 Kd3 58. Bf6 Rf4 59. Be7 Rxc4 60. Bxd6 Kd4 61. Be7 Kxd5 62. Bf6
Rb4+ 63. Kc2 Kc4 64. Kd2 Kb3 65. Ke3 c4 66. Kf3 Rb8 67. Ke4 Rf8 68. Kd4 Re8
69. g6 c3 70. g7 Rg8 71. Be5 Ra8 72. Ke4 c2 0-1

[Event "American Continental"]
[Site "Buenos Aires ARG"]
[Date "2005.08.14"]
[Round "9"]
[White "Soppe,G"]
[Black "Mareco,S"]
[Result "1/2-1/2"]
[WhiteElo "2432"]
[BlackElo "2187"]
[EventDate "2005.08.06"]

1. d4 Nf6 2. Nf3 g6 3. g3 Bg7 4. Bg2 O-O 5. O-O d6 6. c4 Nc6 7. Nc3 a6 8.
Nd5 Bg4 9. Ne3 Bxf3 10. Bxf3 Nd7 11. d5 Nd4 12. Bg2 c5 13. dxc6 Nxc6 14.
Rb1 Rc8 15. b4 b5 16. a4 Nb6 17. axb5 axb5 18. Bxc6 Rxc6 19. cxb5 Rc7 20.
Bb2 Bxb2 21. Rxb2 Qd7 22. Qd3 Rfc8 23. Rc2 Rxc2 24. Nxc2 e5 25. Rd1 d5 26.
Ne3 d4 27. Qe4 Qe6 28. Nf1 Nd5 29. Re1 f5 30. Qd3 Nxb4 31. Qd2 Nd5 32. e3
dxe3 33. Nxe3 Nc3 34. Ng2 Ne4 35. Qe3 Rc2 36. Ra1 Qd5 37. f3 Nd6 38. Ne1
Rb2 39. Qb6 Qd4+ 40. Qxd4 exd4 41. Ra8+ Kf7 42. Ra7+ Ke6 43. Nd3 Rxb5 44.
Rxh7 Nf7 45. h4 Kf6 46. g4 fxg4 1/2-1/2

[Event "American Continental"]
[Site "Buenos Aires ARG"]
[Date "2005.08.14"]
[Round "9"]
[White "Duarte,L"]
[Black "Gonzalez Zamora,J"]
[Result "1-0"]
[WhiteElo "2317"]
[BlackElo "2546"]
[EventDate "2005.08.06"]

1. e4 c5 2. Nf3 Nc6 3. d4 cxd4 4. Nxd4 Qb6 5. Nb3 Nf6 6. Nc3 e6 7. Be3 Qc7
8. Bd3 d6 9. f4 a6 10. Qf3 b5 11. g4 Bb7 12. g5 Nd7 13. Qh3 Nb4 14. O-O g6
15. a4 Nxd3 16. cxd3 b4 17. Ne2 Bg7 18. Rac1 Qd8 19. f5 exf5 20. exf5 O-O
21. f6 Bh8 22. Qg3 Re8 23. Nf4 Rc8 24. Rxc8 Qxc8 25. Na5 Ba8 26. Rc1 Nc5
27. d4 Qd8 28. dxc5 Qxa5 29. cxd6 Qxa4 30. Nd3 Qb5 31. Ne5 Bb7 32. d7 Rd8
33. Nc6 Bxc6 34. Qc7 Rf8 35. d8=Q 1-0

[Event "American Continental"]
[Site "Buenos Aires ARG"]
[Date "2005.08.14"]
[Round "9"]
[White "Bielicki,C"]
[Black "Leon Hoyos,M"]
[Result "0-1"]
[WhiteElo "2307"]
[BlackElo "2431"]
[EventDate "2005.08.06"]

1. d4 g6 2. g3 Bg7 3. Bg2 c5 4. d5 d6 5. c4 b5 6. cxb5 a6 7. bxa6 Bxa6 8.
Nc3 Nf6 9. Nf3 O-O 10. O-O Qa5 11. Re1 Nbd7 12. h3 Rfb8 13. Qc2 Nb6 14. Rd1
Ne8 15. Nd2 Nd7 16. Rb1 Nc7 17. a3 c4 18. Na2 Nc5 19. Nb4 Qa4 20. Qxa4 Nxa4
21. Nxa6 Nxa6 22. Re1 N6c5 23. Kh2 Rb7 24. Nxc4 Nc3 25. Bd2 Nxb1 26. Rxb1
Rb3 27. Bb4 Na6 28. Bd2 Rc8 29. Rc1 Rc7 30. Be4 Bxb2 31. Nxb2 Rxb2 32. Rd1
Ra2 33. Kg2 Nc5 34. Bf3 Rxa3 35. Be3 Nd7 36. Rb1 Ne5 37. Rb8+ Kg7 38. Bd4
Rc4 39. Bb2 Ra7 40. h4 f6 41. Rb3 Kf7 42. Bc3 Nxf3 43. Kxf3 Raa4 44. e3 Rc5
45. Bd4 Rxd5 0-1

[Event "American Continental"]
[Site "Buenos Aires ARG"]
[Date "2005.08.14"]
[Round "9"]
[White "Alzate,D"]
[Black "Hobaica,J"]
[Result "0-1"]
[WhiteElo "2415"]
[BlackElo "2317"]
[EventDate "2005.08.06"]

1. e4 c5 2. Nf3 e6 3. d4 cxd4 4. Nxd4 a6 5. Bd3 Qc7 6. O-O Nc6 7. Nxc6 dxc6
8. f4 Bc5+ 9. Kh1 e5 10. fxe5 Be6 11. Nd2 Ne7 12. Nf3 Ng6 13. Ng5 Qxe5 14.
Qe2 O-O 15. Bd2 Rad8 16. Rae1 b5 17. Qh5 h6 18. Rf5 Bxf5 19. exf5 Qd5 20.
Ne4 Rfe8 21. Bxh6 Re5 22. Rf1 Rxe4 23. Bxe4 Qxe4 24. fxg6 Qxg6 25. Qxg6
fxg6 26. Bg5 Re8 27. c3 Re2 28. Bc1 Bf2 29. h3 Rc2 30. Kh2 a5 31. Rd1 a4
32. a3 Kf7 33. Rd2 Rxd2 34. Bxd2 Ke6 35. c4 Bd4 36. cxb5 cxb5 37. Bc1 Kd5
38. Kg3 Kc4 39. Kf4 Kb3 40. Kg5 Bxb2 0-1

[Event "American Continental"]
[Site "Buenos Aires ARG"]
[Date "2005.08.14"]
[Round "9"]
[White "Saladen,R"]
[Black "Dolezal,C"]
[Result "0-1"]
[WhiteElo "2229"]
[BlackElo "2402"]
[EventDate "2005.08.06"]

1. d4 c5 2. d5 d6 3. c4 g6 4. Nc3 Bg7 5. Qc2 a6 6. e4 e6 7. a4 Ne7 8. h4 h6
9. Bd3 Nd7 10. dxe6 fxe6 11. f4 Nc6 12. e5 O-O 13. Bxg6 dxe5 14. Nf3 exf4
15. Ng5 Nde5 16. Bf7+ Rxf7 17. Qh7+ Kf8 18. Nxf7 Qd3 19. Qxd3 Nxd3+ 20. Kd2
Nxc1 21. Raxc1 Kxf7 22. Rcf1 Bxc3+ 23. bxc3 e5 24. g3 Bf5 25. gxf4 Rd8+ 26.
Ke1 e4 27. Rh2 Rd3 28. Rb2 Na5 29. Rb6 Bg4 30. Kf2 e3+ 31. Kg1 e2 32. Re1
h5 33. f5 Rxc3 34. Rd6 Rxc4 35. Rd5 Kf6 36. Kh2 Nc6 37. Rd7 Ne5 38. Rd6+
Kxf5 39. Kg3 Rc3+ 0-1

[Event "American Continental"]
[Site "Buenos Aires ARG"]
[Date "2005.08.14"]
[Round "9"]
[White "Lemos,D"]
[Black "Needleman,A"]
[Result "0-1"]
[WhiteElo "2284"]
[BlackElo "2394"]
[EventDate "2005.08.06"]

1. d4 Nf6 2. c4 c5 3. d5 e5 4. Nc3 d6 5. e4 Be7 6. Bd3 O-O 7. f4 exf4 8.
Bxf4 Re8 9. Nf3 Nh5 10. Be3 f5 11. O-O Bf6 12. Nd2 g6 13. Bf2 f4 14. Be2
Ng7 15. Bg4 Nd7 16. Bxd7 Bxd7 17. Nf3 g5 18. e5 dxe5 19. Nd2 e4 20. Ndxe4
b6 21. a4 a5 22. Qd2 Nf5 23. Rfe1 Be5 24. d6 Bc6 25. Nd5 Nxd6 26. Nec3 Nxc4
27. Qd3 Bxc3 28. Rxe8+ Bxe8 29. Qxc4 Bf7 30. Qxc3 Qxd5 31. Re1 Re8 32.
Rxe8+ Bxe8 33. Qc2 Bc6 34. Be1 Qd4+ 35. Bf2 Qxa4 36. Qd2 Qe4 37. Be1 Kf7
38. h3 Ke6 39. Kh2 h5 40. Qf2 g4 41. Qf1 Bd5 42. Bc3 a4 43. g3 fxg3+ 44.
Kxg3 Qe3+ 45. Kh4 Qxh3+ 0-1

[Event "American Continental"]
[Site "Buenos Aires ARG"]
[Date "2005.08.14"]
[Round "9"]
[White "Dos Santos,R"]
[Black "Arambel,S"]
[Result "1-0"]
[WhiteElo "2393"]
[BlackElo "2295"]
[EventDate "2005.08.06"]

1. e4 e6 2. d4 d5 3. Nc3 Bb4 4. e5 Ne7 5. a3 Bxc3+ 6. bxc3 c5 7. Qg4 Nf5 8.
Bd3 h5 9. Qf4 Qc7 10. dxc5 Ne7 11. Nf3 Nd7 12. O-O Nxc5 13. a4 Ne4 14. Bxe4
dxe4 15. Qxe4 Bd7 16. Nd4 Nd5 17. Ba3 O-O-O 18. Nb5 Bxb5 19. axb5 Nxc3 20.
Qf3 Nxb5 21. Bd6 Qc4 22. Rfb1 a6 23. Rd1 Nc3 24. Rd3 Nd5 25. Qxf7 Nf4 26.
Rb3 Ne2+ 27. Kh1 1-0

[Event "American Continental"]
[Site "Buenos Aires ARG"]
[Date "2005.08.14"]
[Round "9"]
[White "Amura,C"]
[Black "Tobares,L"]
[Result "1/2-1/2"]
[WhiteElo "2372"]
[BlackElo "2260"]
[EventDate "2005.08.06"]

1. d4 Nf6 2. c4 e6 3. Nc3 Bb4 4. Bg5 O-O 5. e3 b6 6. Qf3 Nc6 7. Bd3 h6 8.
h4 Ba6 9. Rh3 Be7 10. Bxh6 Ne8 11. Bf4 f5 12. g4 Nb4 13. Bb1 Bxc4 14. gxf5
exf5 15. Kd2 c5 16. Nge2 d5 17. h5 Nc6 18. Bc2 cxd4 19. Nxd4 Nxd4 20. exd4
Nf6 21. Rg1 Ne4+ 22. Kc1 1/2-1/2

[Event "American Continental"]
[Site "Buenos Aires ARG"]
[Date "2005.08.14"]
[Round "9"]
[White "Zapata,Marc"]
[Black "Demaria,J"]
[Result "1/2-1/2"]
[WhiteElo "2353"]
[BlackElo "2272"]
[EventDate "2005.08.06"]

1. e4 c5 2. Nf3 d6 3. d4 cxd4 4. Nxd4 Nf6 5. Nc3 Nc6 6. Bc4 e6 7. Bb3 a6 8.
Be3 Be7 9. Qe2 Qc7 10. O-O-O Na5 11. g4 b5 12. g5 Nxb3+ 13. axb3 Nd7 14. h4
b4 15. Na4 Nc5 16. Qc4 Bd7 17. Qxb4 Nxa4 18. bxa4 Rb8 19. Qc3 Qxc3 20. bxc3
Bxa4 21. Kd2 e5 22. Nf5 Bf8 23. Rb1 Rxb1 24. Rxb1 Bb5 25. c4 Bxc4 26. Rb7
g6 27. Ng3 Be7 28. Rc7 Bb5 29. c4 Bd7 30. Ra7 Bc8 31. Rc7 Be6 32. Kd3 f5
33. gxf6 Bxf6 34. h5 O-O 35. hxg6 hxg6 36. Ra7 Rc8 37. c5 Rc6 38. cxd6
Rxd6+ 39. Kc3 Bd8 40. Nf1 Ba5+ 41. Kc2 Bb4 42. Nd2 a5 43. Rc7 a4 44. Nc4
Ra6 45. Nxe5 Bd6 46. Rc6 Bb3+ 47. Kd2 Bb4+ 48. Kd3 Rxc6 49. Nxc6 Bf8 50.
Kc3 Bd1 51. Bd4 a3 52. Ne5 Kh7 53. Nd7 Bh6 54. Nf6+ Kg7 1/2-1/2

[Event "American Continental"]
[Site "Buenos Aires ARG"]
[Date "2005.08.14"]
[Round "9"]
[White "Zukerfeld,A"]
[Black "Monier,R"]
[Result "0-1"]
[WhiteElo "2237"]
[BlackElo "2412"]
[EventDate "2005.08.06"]

1. e4 e5 2. Nf3 Nc6 3. Bb5 a6 4. Ba4 Nf6 5. O-O Be7 6. Re1 b5 7. Bb3 d6 8.
c3 O-O 9. h3 Na5 10. Bc2 c5 11. d4 Qc7 12. Nbd2 Rd8 13. d5 c4 14. Nf1 Nb7
15. Ng3 Nc5 16. b4 cxb3 17. axb3 Bd7 18. Bd2 a5 19. Nh2 g6 20. Ng4 Nxg4 21.
hxg4 a4 22. b4 Nb3 23. Bxb3 axb3 24. Qxb3 Bxg4 25. Nf1 Bd7 26. Rec1 Rdc8
27. Ne3 Rxa1 28. Rxa1 f5 29. exf5 gxf5 30. Qc2 Rf8 31. Qa2 f4 32. Nf1 Bf5
33. Qa7 Rc8 34. Qxc7 Rxc7 35. f3 Bd3 36. g3 Bc4 37. gxf4 Bxd5 38. fxe5 dxe5
39. Re1 Bf6 40. Nh2 h5 41. Re2 Ra7 42. Be1 Ra1 43. Kg2 Bc4 44. Re4 Ra2+ 45.
Kg1 Kf7 46. Nf1 Ke6 47. Bg3 Ra1 48. Be1 Bd5 49. Re3 Bg5 50. Kf2 Bxe3+ 51.
Nxe3 Ra2+ 52. Kg3 Re2 0-1

[Event "American Continental"]
[Site "Buenos Aires ARG"]
[Date "2005.08.14"]
[Round "9"]
[White "Toloza,P"]
[Black "Minaya,J"]
[Result "1/2-1/2"]
[WhiteElo "2349"]
[BlackElo "2255"]
[EventDate "2005.08.06"]

1. Nf3 Nf6 2. g3 g6 3. b3 Bg7 4. Bb2 O-O 5. Bg2 d6 6. d4 Nbd7 7. O-O e5 8.
dxe5 Ng4 9. Qd2 Ngxe5 10. c4 Re8 11. Nc3 Nxf3+ 12. Bxf3 Ne5 13. Bg2 Rb8 14.
h3 Be6 15. Kh2 a6 16. f4 Nd7 17. e4 f6 18. Nd5 Bf7 19. Qd4 h5 20. g4 hxg4
21. hxg4 c6 22. Ne3 Nc5 23. Nc2 Qe7 24. Rae1 Ne6 25. Qf2 g5 26. f5 Nc5 27.
Qg3 Nd7 28. Rd1 Ne5 29. Rd2 Qc7 30. Rfd1 Bf8 31. Ne1 Rbd8 32. Nd3 b6 33.
Nxe5 1/2-1/2